Peter Cullen Filmography - Statistics

General Stats
  • This quiz has been taken 8 times
  • The average score is 25 of 229
Answer Stats
Type Year Name % Correct
TV Show 1984-1987 The Transformers
100%
Film 1986 The Transformers: The Movie
100%
Film 2007 Transformers
100%
TV Show 2015-2017 Transformers: Robots in Disguise
100%
Video Game 2007 Transformers: The Game
100%
Film 1985 Bigfoot and the Muscle Machines
50%
Film 2018 Bumblebee
50%
TV Short 1983 Deck the Halls with Wacky Walls
50%
TV Show 2017 Doc McStuffins
50%
Film 1984 Gallavants
50%
TV Show 1985-1986 G.I. Joe
50%
Film 1987 G.I. Joe: The Movie
50%
Film 1984 Gremlins
50%
Film 1982 Heidi's Song
50%
Web Series 2023, 2024 Invincible
50%
Film 1976 King Kong
50%
TV Show 1982 Knight Rider
50%
TV Show 2009 Knight Rider
50%
Commercial 1980s Masters of the Universe Toys
50%
TV Show 1986-1987 My Little Pony
50%
Film 1986 My Little Pony: The Movie
50%
TV Show 1982-1983 Pac-Man
50%
Film 1969 Prologue
50%
TV Show 1984-1986 Rainbow Brite
50%
Film 1985 Rainbow Brite and the Star Stealer
50%
TV Show 2019, 2020 Rise of the Teenage Mutant Ninja Turtles
50%
TV Show 1985 Robotix
50%
Film 1990 Robotix
50%
TV Show 1983 Saturday Supercade
50%
TV Show 1988-1989 Teenage Mutant Ninja Turtles
50%
TV Show 2024 The Masked Singer
50%
Film 1971 Tiki Tiki
50%
Film 2014 Transformers: Age of Extinction
50%
Video Game 2011 Transformers: Dark of the Moon
50%
Film 2011 Transformers: Dark of the Moon
50%
Web Mini-Series 2018 Transformers: Power of the Primes
50%
TV Show 2010-2013 Transformers Prime
50%
TV Film 2013 Transformers Prime Beast Hunters: Predacons Rising
50%
Video Game 2012 Transformers Prime: The Game
50%
Film 2009 Transformers: Revenge of the Fallen
50%
Video Game 2009 Transformers: Revenge of the Fallen
50%
Film 2023 Transformers: Rise of the Beasts
50%
Film 2017 Transformers: The Last Knight
50%
Web Mini-Series 2017-2018 Transformers: Titans Return
50%
Film 1984 Voyage of the Rock Aliens
50%
TV Show 1983, 1985, 1989 ABC Weekend Specials
0%
Music Video 2001 Advanced Robotics
0%
TV Show 1988-1990 Adventures of the Gummi Bears
0%
Video Game 2013 Alien vs. Predator: Evolution
0%
TV Show 1984-1985 Alvin & the Chipmunks
0%
TV Short 1998 A Winnie the Pooh Thanksgiving
0%
Documentary 2009 Bizarre Dinosaurs
0%
TV Show 1993 Bonkers
0%
TV Special 1980 Boo!
0%
TV Short 1996 Boo to You Too! Winnie the Pooh
0%
TV Show 1987-1988 BraveStarr
0%
Short Film 2009 Burden
0%
TV Short 1984 Cabbage Patch Kids: First Christmas
0%
TV Show 1984-1985 Challenge of the GoBots
0%
TV Show 1989-1990 Chip 'n' Dale Rescue Rangers
0%
TV Film 1989 Chip 'n' Dale's Rescue Rangers to the Rescue
0%
TV Short 1982 Christmas Comes to PacLand
0%
Short Film 2011 Claire's Flowers
0%
TV Show 1970 Comedy Café
0%
TV Show 1988 Dino-Riders
0%
Short Film 1989 Dino-Riders in the Ice Age
0%
Video Game 2015 Disney Magical World 2
0%
Short Film 2003 Disney Sing-Along Songs: Sing a Song with Pooh Bear and Piglet Too!
0%
Video Game 2001 Disney's Pooh's Party Game: In Search of the Treasure
0%
TV Short 1989 Dixie's Diner
0%
TV Show 1983-1985 Donkey Kong
0%
TV Show 1975 Down Home Country
0%
TV Show 1984 Dragon's Lair
0%
TV Show 1987-1988 DuckTales
0%
TV Show 1983-1985 Dungeons & Dragons
0%
Short Documentary 2008 Ed & Vern's Rock Store
0%
Short Documentary 2002 Enemy at the Gates: Through the Crosshairs
0%
TV Show 1988, 1989 Fantastic Max
0%
TV Show 1986-1987 Foofur
0%
Video Game 2023 Fortnite: Chapter 4
0%
TV Show 1979 Fred and Barney Meet the Thing
0%
TV Show 1985-1986 Galtar and the Golden Lance
0%
TV Show 1986 Ghostbusters
0%
TV Mini-Series 1983 G.I. Joe: A Real American Hero - The M.A.S.S. Device
0%
TV Film 1986 G.I. Joe: Arise, Serpentor, Arise!
0%
Film 1986 GoBots: Battle of the Rock Lords
0%
TV Show 1981 Goldie Gold and Action Jack
0%
TV Show 2005 Growing Up with Winnie the Pooh
0%
TV Short 1989 Hägar the Horrible
0%
TV Show 1994 Hardball
0%
Documentary Series 1996 HBO First Look
0%
TV Show 1984 Heathcliff & the Catillac Cats
0%
TV Show 2001-2003 House of Mouse
0%
TV Show 2005-200 IGPX: Immortal Grand Prix
0%
TV Show 1991 In Living Color
0%
Film 1985 It's Your Birthday Party with Rainbow Brite and Friends
0%
Short Film 1992 Jonah
0%
TV Show 1975 Lola!
0%
TV Show 1984 Lucky Luke
0%
Documentary 1996 Making Hamlet
0%
Short Documentary 2001 Making the Score
0%
TV Show 1982 Meatballs and Spaghetti
0%
TV Show 2004 Megas XLR
0%
TV Film 1988 Mickey's 60th Birthday
0%
Film 2001 Mickey's Magical Christmas: Snowed in at the House of Mouse
0%
TV Show 1979-1980 Mighty Man and Yukk
0%
TV Show 1983 Mister T
0%
TV Show 1983 Monchhichis
0%
TV Show 1986 Moon Dreamers
0%
TV Show 2012 Motorcity
0%
TV Show 1985, 1986 Muppet Babies
0%
TV Film 2007 My Friends Tigger and Pooh - Super Sleuth Christmas Movie
0%
Film 2008 My Friends Tigger and Pooh: The Hundred Acre Wood Haunt
0%
TV Show 2007-2010 My Friends Tigger & Pooh
0%
TV Show 1992 My Little Pony Tales
0%
Short Film 1986 Noah's Ark
0%
TV Special 1982 Pac Preview Party
0%
Video Game 2003 Piglet's Big Game
0%
Film 2003 Piglet's Big Movie
0%
TV Show 1984 Pink Panther and Sons
0%
Documentary Series 2000 Places of Mystery
0%
TV Show 1979-1980 Plastic Man
0%
Film 1997 Pooh's Grand Adventure: The Search for Christopher Robin
0%
Film 2005 Pooh's Heffalump Halloween Movie
0%
Film 2005 Pooh's Heffalump Movie
0%
TV Show 1986 Pound Puppies
0%
TV Show 1987 Power Masters
0%
Film 1987 Predator
0%
Film 1986 Rainbow Brite: San Diego Zoo Adventure
0%
TV Show 1986 Rambo
0%
TV Film 1978 Ringo
0%
TV Short 1984 Robo Force: The Revenge of Nazgar
0%
TV Show 1989 Rude Dog and the Dweebs
0%
TV Show 1987-1988 Saber Rider and the Star Sheriffs
0%
TV Show 1979-1983 Scooby-Doo and Scrappy-Doo
0%
TV Mini-Series 1985 Sectaurs
0%
TV Show 1987 Sesame Street
0%
TV Show 1964 Shoestring Theatre
0%
Short Documentary 2000 Sleepy Hollow: Behind the Legend
0%
TV Show 1984 Snorks
0%
TV Show 1981-1982 Spider-Man
0%
TV Show 1981, 1982 Spider-Man and His Amazing Friends
0%
Film 2010 Super Duper Super Sleuths
0%
TV Show 1985 Super Friends
0%
TV Show 1988 Superman
0%
TV Show 1990 TaleSpin
0%
TV Show 1985 The 13 Ghosts of Scooby-Doo
0%
TV Show 1993 The Addams Family
0%
TV Show 1990 The Adventures of Don Coyote and Sancho Panda
0%
TV Show 1983 The Biskitts
0%
TV Show 1974 The Bobbie Gentry Show
0%
TV Show 1973-1976 The Bobby Goldsboro Show
0%
TV Show 2001-2002, 2004 The Book of Pooh
0%
Film 2001 The Book of Pooh: Stories from My Heart
0%
TV Show 1967 The Buddies
0%
TV Show 1983 The Dukes
0%
TV Show 1986-1988 The Flintstone Kids
0%
TV Show 1985, 1992 The Greatest Adventure: Stories from the Bible
0%
TV Show 1974 The Hudson Brothers Razzle Dazzle Show
0%
Documentary 2007 Their War
0%
TV Show 1985 The Jetsons
0%
TV Show 1981 The Kwiky Koala Show
0%
Short Film 1991 The Little Engine That Could
0%
TV Show 1982-1983 The Little Rascals
0%
TV Show 1987-1988 The Little Wizards
0%
Theme Park Attraction 2003 The Many Adventures of Winnie the Pooh
0%
TV Show 1986 The New Adventures of Jonny Quest
0%
TV Show 1988-1991 The New Adventures of Winnie the Pooh
0%
TV Show 1984 The New Scooby-Doo Mysteries
0%
TV Show 1988 The New Yogi Bear Show
0%
TV Show 1991-1993 The Pirates of Dark Water
0%
TV Show 1982 The Puppy's Further Adventures
0%
TV Show 1987 The Real Ghostbusters
0%
TV Special 1977 The Richard Pryor Special?
0%
TV Show 1981 The Ri¢hie Ri¢h/Scooby-Doo Show
0%
TV Show 1995-1996 The Savage Dragon
0%
TV Show 1982 The Scooby and Scrappy-Doo Puppy Hour
0%
TV Show 1967-1968 The Smothers Brothers Comedy Hour
0%
TV Show 1981, 1982, 1987, 1989 The Smurfs
0%
TV Show 1971-1974 The Sonny and Cher Comedy Hour
0%
TV Show 1974 The Sonny Comedy Revue
0%
Film 2000 The Tigger Movie
0%
TV Show 1976-1977 The Wolfman Jack Show
0%
TV Show 1984 Three's a Crowd
0%
Film 2009 Tigger & Pooh and a Musical Too
0%
Short Documentary 2001 Tomb Raider: The Secrets of Lara Croft
0%
TV Show 1990, 1992 Tom & Jerry Kids Show
0%
Video Game 2007 Transformers: Autobots
0%
Short Film 2018 Transformers: Autobots Alliance
0%
Short Film 2007 Transformers: Beginnings
0%
Video Game 2007 Transformers: Decepticons
0%
Video Game 2015 Transformers: Devastation
0%
Video Game 2012 Transformers: Fall of Cybertron
0%
Film 1986 Transformers: Five Faces of Darkness
0%
TV Show 2011-2016 Transformers: Rescue Bots
0%
Video Game 2009 Transformers: Revenge of the Fallen - Decepticons
0%
Video Game 2014 Transformers: Rise of the Dark Spark
0%
Film 1986 Transformers: The Return of Optimus Prime
0%
Theme Park Attraction 2011 Transformers: The Ride - 3D
0%
Video Game 2014 Transformers Universe
0%
Video Game 2010 Transformers: War for Cybertron
0%
Film 2002 Treasure Planet
0%
TV Show 1981 Trollkins
0%
TV Show 1987 Visionaries: Knights of the Magical Light
0%
TV Show 1984-1985 Voltron: Defender of the Universe
0%
Film 1986 Voltron: Fleet of Doom
0%
TV Film 1989 Vytor: The Starfire Champion
0%
TV Show 1990-1991 Widget, the World Watcher
0%
Short Film 2004 Winnie the Pooh: 123s
0%
Short Film 2004 Winnie the Pooh: ABC's Discovering Letters and Words
0%
TV Short 1991 Winnie the Pooh and Christmas Too
0%
TV Short 1999 Winnie the Pooh: A Valentine for You
0%
Film 2002 Winnie the Pooh: A Very Merry Pooh Year
0%
Film 1997 Winnie the Pooh Friendship: Clever Little Piglet
0%
Film 1997 Winnie the Pooh Friendship: Pooh Wishes
0%
Film 1998 Winnie the Pooh Friendship: Three Cheers for Eeyore & Rabbit
0%
Film 1994 Winnie the Pooh Learning: Helping Others
0%
Film 1994 Winnie the Pooh Learning: Sharing & Caring
0%
Film 1994 Winnie the Pooh Playtime: Detective Tigger
0%
Film 1995 Winnie the Pooh Playtime: Fun 'N Games
0%
Short Film 1996 Winnie the Pooh Playtime: Happy Pooh Day
0%
Short Film 2006 Winnie the Pooh: Shapes & Sizes
0%
Short Film 2000 Winnie the Pooh: Sing a Song with Tigger
0%
Film 2004 Winnie the Pooh: Springtime with Roo
0%
Video Game 2005 Winnie the Pooh's Rumbly Tumbly Adventure
0%
Short Film 1995 Winnie the Pooh Un-Valentine's Day
0%
Short Film 2006 Winnie the Pooh: Wonderful Word Adventure
0%
TV Film 1988 Yogi & the Invasion of the Space Bears
0%
TV Show 1970-1971 Zut!
0%
No matching quizzes found
Score Distribution
Percent of People with Each Score
Percentile by Number Answered
Your Score History
You have not taken this quiz